Statistics for Food of the American Civil War Soldier

Click here to take the quiz!

General Stats

  • This quiz has been taken 237 times
  • The average score is 5 of 10

Answer Stats

HintAnswer% Correct
An omnipresent starch; sometimes the kernels were used as currency in games of chanceCorn
83%
The Most important of all; yet difficult to find clean supplies ofWater
81%
The most common food; infamously nicknamed tooth-dullers, sheet-iron crakers and Worm castlesHardtack
61%
Primary source of protein; nasty smelling and nicknamed "sowbelly"Salt Pork
58%
When meat wasn't available, this was the first protein substituteBeans
50%
The one thing soldiers preferred over alcoholCoffee
47%
Other source of protein, rotted even faster than the other oneSalt Beef
44%
A rarity, but necessary to prevent scurvyFresh Fruit
37%
The best source of protein; hard to maintain, target of foragingFresh meat
30%
Robert E. Lee called them the Confederacy's "best friend"Peas
9%

Score Distribution

Percentile by Number Answered

Percent of People with Each Score

Your Score History

You have not taken this quiz